000 00422nam a2200169Ia 4500
008 240729s9999 xx 000 0 und d
022 _a2673-8724
245 0 _aMagnetism
260 _aSwitzerland
260 _bMDPI AG
650 _a Dynamic and structural geology
650 _a Geology
650 _aScience
856 _uhttps://doaj.org/toc/5aacda0d211d4954bfbd8df86507638d
942 _2ddc
942 _cDOAJEJ
999 _c71981
_d71981
945 _a1
_bMadushi Gamage
_c1
_dMadushi Gamage